000 00939nam a2200229 a 4500
001 000029293
005 20250924073803.0
008 110414s1989 dr a 000 | spa d
040 _aDO-SdBNP
_bspa
_cBNPHU
082 _axxx
_bA448p
100 1 _aAlmeyda Rancier, Franklin
_937117
245 1 0 _aPenegírico a Pedro Francisco Bonó /
_cFranklin Almeyda Rancier.
260 _aSanto Domingo :
_bEditora Universitaria,
_c1989.
300 _a15 p. :
_bil. ;
_c21 cm.
490 1 _aPublicaciones de la Universidad Autónoma de Santo Domingo
_v622
490 1 _aDiscursos
_v14
500 _aPronunciado por el Dr. Franklin Almeyda Rancier, rector de la Universidad Autónoma de Santo Domingo con motivo del traslado de sus restos al Panteón Nacional.
500 _aIncluye notas al pie de las páginas.
830 _aPublicaciones de la Universidad Autónoma de Santo Domingo
_v622
_952
830 0 _aDiscursos;
_v14
_912120
049 _aBNPD
999 _c28785
_d28785